[Event "Krasnodar Winter A Rating"]
[Site "Krasnodar"]
[Date "2011.01.31"]
[Round "12"]
[White "Bondarev, Boris"]
[Black "Chigrinova, Marina"]
[Result "1-0"]
[WhiteElo "2082"]
[BlackElo "1931"]
[PlyCount "57"]
[EventDate "2011.01.24"]
[EventType "tourn"]
[EventRounds "13"]
[EventCountry "RUS"]
[SourceTitle "EXT 2022"]
[Source "ChessBase"]
[SourceDate "2021.10.06"]
[SourceVersion "1"]
[SourceVersionDate "2021.10.06"]
[SourceQuality "1"]

1. e4 c5 2. Bc4 e6 3. c3 Nc6 4. Nf3 Nf6 5. e5 Ng4 6. d4 cxd4 7. cxd4 d6 8. h3 Nh6 9. 0-0 Qc7 10. Bxh6 gxh6 11. Nc3 dxe5 12. dxe5 a6 13. Ne4 Nxe5 14. Rc1 Nxc4 15. Qd4 e5 16. Nf6+ Ke7 17. Qh4 Qc6 18. Ng8+ Ke8 19. Rxc4 Rxg8 20. Rxc6 bxc6 21. Re1 Ra7 22. Nxe5 Re7 23. Rd1 Bb7 24. Nc4 Rd7 25. Re1+ Be7 26. Nd6+ Kf8 27. Qxh6+ Rg7 28. Nf5 Bf6 29. Qxf6 1-0

[Event "Krasnodar Winter A Rating"]
[Site "Krasnodar"]
[Date "2011.01.30"]
[Round "10"]
[White "Nevolin, Viktor"]
[Black "Chigrinova, Marina"]
[Result "1-0"]
[WhiteElo "1769"]
[BlackElo "1931"]
[PlyCount "95"]
[EventDate "2011.01.24"]
[EventType "tourn"]
[EventRounds "13"]
[EventCountry "RUS"]
[SourceTitle "EXT 2022"]
[Source "ChessBase"]
[SourceDate "2021.10.06"]
[SourceVersion "1"]
[SourceVersionDate "2021.10.06"]
[SourceQuality "1"]

1. e4 e6 2. d4 d5 3. Nc3 dxe4 4. Nxe4 Bd7 5. Bd3 Bc6 6. Nf3 Nd7 7. Bf4 Ngf6 8. Qe2 Be7 9. 0-0 0-0 10. Rfe1 Nxe4 11. Bxe4 Bxe4 12. Qxe4 c6 13. c4 Bf6 14. Rad1 Qa5 15. a3 Rfd8 16. d5 exd5 17. cxd5 Bxb2 18. dxc6 Nc5 19. Rxd8+ Qxd8 20. c7 Qd7 21. Qc2 Bxa3 22. Rd1 Qe8 23. Ng5 g6 24. Qc3 h6 25. Nf3 Ne6 26. Bxh6 Bf8 27. Bxf8 Qxf8 28. Ne5 Rc8 29. Rd7 Qg7 30. Rxf7 Qxf7 31. Nxf7 Kxf7 32. Qf3+ Ke7 33. Qa3+ Kf7 34. Qxa7 Rxc7 35. g3 b5 36. Qb6 Rc5 37. h4 Kf6 38. g4 Rc4 39. g5+ Kf7 40. Qb7+ Rc7 41. Qxb5 Re7 42. Qd5 Kg7 43. Qe5+ Kf7 44. Qf6+ Ke8 45. Qxg6+ Kd7 46. Qf5 Ke8 47. g6 Nd4 48. Qc8# 1-0

[Event "Krasnodar Winter A Rating"]
[Site "Krasnodar"]
[Date "2011.01.27"]
[Round "6"]
[White "Chigrinova, Marina"]
[Black "Shamsijarov, Aleksandr"]
[Result "1/2-1/2"]
[WhiteElo "1931"]
[BlackElo "2031"]
[PlyCount "89"]
[EventDate "2011.01.24"]
[EventType "tourn"]
[EventRounds "13"]
[EventCountry "RUS"]
[SourceTitle "EXT 2022"]
[Source "ChessBase"]
[SourceDate "2021.10.06"]
[SourceVersion "1"]
[SourceVersionDate "2021.10.06"]
[SourceQuality "1"]

1. e4 d6 2. d4 Nf6 3. Nc3 g6 4. Be3 Bg7 5. f3 Nbd7 6. Qd2 c6 7. Bh6 Bxh6 8. Qxh6 Qb6 9. 0-0-0 c5 10. Nge2 cxd4 11. Nxd4 Nc5 12. Bc4 Bd7 13. Rhe1 0-0-0 14. Bxf7 e6 15. e5 Rhf8 16. Bxe6 dxe5 17. Bxd7+ Ncxd7 18. Nb3 Nc5 19. Qh3+ Kb8 20. Nxc5 Qxc5 21. Qe6 Rde8 22. Qd6+ Qxd6 23. Rxd6 a6 24. Nd5 Nxd5 25. Rxd5 e4 26. fxe4 Rf2 27. Rd2 Rf4 28. e5 Kc8 29. c3 Rf5 30. e6 Rf6 31. Rde2 Re7 32. Kc2 Kc7 33. Kb3 b6 34. a4 Kc6 35. Kc4 Rf4+ 36. Kd3 Kc5 37. Re4 Rf2 38. R1e2 Rf6 39. c4 h5 40. Kc3 a5 41. Re5+ Kc6 42. b4 axb4+ 43. Kxb4 Rf1 44. Re1 Rf2 45. R1e2 1/2-1/2

[Event "Krasnodar Autumn Rating"]
[Site "Krasnodar"]
[Date "2010.12.02"]
[Round "13"]
[White "Chigrinova, Marina"]
[Black "Golub, Sergey"]
[Result "1/2-1/2"]
[WhiteElo "1955"]
[BlackElo "1907"]
[PlyCount "48"]
[EventDate "2010.11.25"]
[EventType "tourn"]
[EventRounds "13"]
[EventCountry "RUS"]
[SourceTitle "EXT 2022"]
[Source "ChessBase"]
[SourceDate "2021.10.06"]
[SourceVersion "1"]
[SourceVersionDate "2021.10.06"]
[SourceQuality "1"]

1. e4 c5 2. Nc3 d6 3. d3 Nc6 4. Be3 Nf6 5. h3 g6 6. Qd2 Bg7 7. Bh6 0-0 8. h4 Nd4 9. 0-0-0 b5 10. h5 Bxh6 11. Qxh6 Ng4 12. Qd2 Be6 13. f3 Nf6 14. Qh6 Qa5 15. e5 Nf5 16. Qd2 dxe5 17. g4 b4 18. Ne4 Qxa2 19. Qh2 Qa1+ 20. Kd2 Qxb2 21. Nxf6+ exf6 22. hxg6 Qc3+ 23. Kc1 Qa1+ 24. Kd2 Qc3+ 1/2-1/2

[Event "Krasnodar Autumn Rating"]
[Site "Krasnodar"]
[Date "2010.11.29"]
[Round "8"]
[White "Chigrinova, Marina"]
[Black "Shcheglov, Vladimir A"]
[Result "1-0"]
[WhiteElo "1955"]
[BlackElo "1734"]
[PlyCount "39"]
[EventDate "2010.11.25"]
[EventType "tourn"]
[EventRounds "13"]
[EventCountry "RUS"]
[SourceTitle "EXT 2022"]
[Source "ChessBase"]
[SourceDate "2021.10.06"]
[SourceVersion "1"]
[SourceVersionDate "2021.10.06"]
[SourceQuality "1"]

1. e4 d5 2. exd5 Qxd5 3. Nc3 Qd8 4. d4 e6 5. Nf3 Bb4 6. Bd2 Ne7 7. a3 Bxc3 8. Bxc3 0-0 9. Bd3 Nd5 10. Bd2 f6 11. 0-0 b6 12. Re1 a5 13. Nh4 f5 14. Nf3 Bd7 15. Ng5 Qf6 16. Qf3 Ra7 17. Re5 c6 18. Rae1 Nc7 19. Bc4 Re8 20. Rxf5 1-0

[Event "Krasnodar Autumn Rating"]
[Site "Krasnodar"]
[Date "2010.11.25"]
[Round "1"]
[White "Frolov, Lev"]
[Black "Chigrinova, Marina"]
[Result "1-0"]
[WhiteElo "1942"]
[BlackElo "1955"]
[PlyCount "51"]
[EventDate "2010.11.25"]
[EventType "tourn"]
[EventRounds "13"]
[EventCountry "RUS"]
[SourceTitle "EXT 2022"]
[Source "ChessBase"]
[SourceDate "2021.10.06"]
[SourceVersion "1"]
[SourceVersionDate "2021.10.06"]
[SourceQuality "1"]

1. d4 Nf6 2. c4 e6 3. Nf3 b6 4. a3 Bb7 5. Nc3 d6 6. Bg5 h6 7. Bh4 Be7 8. Qc2 Nbd7 9. e4 c5 10. Be2 Rc8 11. 0-0 0-0 12. Rfd1 cxd4 13. Nxd4 Ne5 14. b3 a6 15. Bg3 Qc7 16. f4 Neg4 17. Qd2 e5 18. Nf5 Rfe8 19. Nxe7+ Rxe7 20. Qxd6 Ne3 21. Qxc7 Rexc7 22. Rd3 Nc2 23. Rad1 Nxe4 24. Rd8+ Rxd8 25. Rxd8+ Kh7 26. Bd3 1-0

[Event "Krasnodar Summer"]
[Site "Krasnodar"]
[Date "2010.06.27"]
[Round "6"]
[White "Chigrinova, Marina"]
[Black "Shcheglov, Vladimir A"]
[Result "1-0"]
[WhiteElo "1918"]
[BlackElo "1820"]
[PlyCount "53"]
[EventDate "2010.05.22"]
[EventType "tourn"]
[EventRounds "15"]
[EventCountry "RUS"]
[SourceTitle "EXT 2022"]
[Source "ChessBase"]
[SourceDate "2021.10.06"]
[SourceVersion "1"]
[SourceVersionDate "2021.10.06"]
[SourceQuality "1"]

1. e4 e5 2. Nf3 Nc6 3. Bb5 a6 4. Ba4 d6 5. c3 Bg4 6. d3 Be7 7. Nbd2 Bg5 8. h3 Bxd2+ 9. Bxd2 Bxf3 10. Qxf3 Qf6 11. Qxf6 Nxf6 12. f4 b5 13. Bc2 0-0 14. 0-0 exf4 15. Bxf4 a5 16. d4 Nd7 17. Rfe1 Nb6 18. e5 d5 19. e6 Rac8 20. Bf5 fxe6 21. Bxe6+ Kh8 22. Bxc8 Nxc8 23. Bxc7 Kg8 24. Re6 Rf6 25. Re8+ Rf8 26. Rae1 Kf7 27. R8e6 1-0

[Event "Krasnodar Summer"]
[Site "Krasnodar"]
[Date "2010.06.22"]
[Round "1"]
[White "Chigrinova, Marina"]
[Black "Kashirin, Ivan"]
[Result "1-0"]
[WhiteElo "1918"]
[BlackElo "1933"]
[PlyCount "57"]
[EventDate "2010.05.22"]
[EventType "tourn"]
[EventRounds "15"]
[EventCountry "RUS"]
[SourceTitle "EXT 2022"]
[Source "ChessBase"]
[SourceDate "2021.10.06"]
[SourceVersion "1"]
[SourceVersionDate "2021.10.06"]
[SourceQuality "1"]

1. e4 e5 2. Bc4 Nf6 3. d3 c6 4. Nf3 d5 5. Bb3 Bg4 6. h3 Bxf3 7. Qxf3 Be7 8. exd5 Nxd5 9. Nc3 Nf6 10. Ne4 0-0 11. Ng3 Nbd7 12. a3 Nc5 13. Ba2 Qc7 14. 0-0 Rad8 15. Re1 Nd5 16. Nh5 Nf6 17. Ng3 Nd5 18. Nf5 Bf6 19. Qg3 Rfe8 20. Bh6 g6 21. Ne3 Nf4 22. Ng4 Bg7 23. Bxg7 Kxg7 24. Qh4 Nh5 25. Re2 Rd4 26. Qg5 f5 27. Qh6+ Kh8 28. Nxe5 Rd7 29. Nxg6# 1-0

[Event "Krasnodar Spring-B"]
[Site "Krasnodar"]
[Date "2010.04.12"]
[Round "12"]
[White "Chigrinova, Marina"]
[Black "Sluzhilov, Aleksandr"]
[Result "1/2-1/2"]
[WhiteElo "1913"]
[BlackElo "2002"]
[PlyCount "55"]
[EventDate "2010.04.08"]
[EventType "tourn"]
[EventRounds "13"]
[EventCountry "RUS"]
[SourceTitle "EXT 2012"]
[Source "ChessBase"]
[SourceDate "2011.11.24"]
[SourceVersion "1"]
[SourceVersionDate "2011.11.24"]
[SourceQuality "1"]

1. e4 d6 2. d4 Nf6 3. Nc3 e5 4. dxe5 dxe5 5. Qxd8+ Kxd8 6. Bc4 Be6 7. Bxe6 fxe6 8. f3 Bd6 9. Be3 Ke7 10. 0-0-0 a6 11. Nh3 Nbd7 12. Nf2 Bc5 13. Bxc5+ Nxc5 14. Rd2 Rad8 15. Rhd1 Rxd2 16. Rxd2 Rd8 17. Rxd8 Kxd8 18. Kd2 Ke7 19. a4 g5 20. Ke3 h5 21. b4 Ncd7 22. Nd3 Ne8 23. Nb1 Nd6 24. Nd2 Nb6 25. Nb2 Nd7 26. Nd3 Nb6 27. Nb2 Nd7 28. Nd3 1/2-1/2

[Event "Krasnodar November-B"]
[Site "Krasnodar"]
[Date "2009.11.21"]
[Round "9"]
[White "Golub, Sergey"]
[Black "Chigrinova, Marina"]
[Result "1/2-1/2"]
[WhiteElo "1882"]
[BlackElo "1858"]
[PlyCount "67"]
[EventDate "2009.11.15"]
[EventType "tourn"]
[EventRounds "15"]
[EventCountry "RUS"]
[SourceTitle "EXT 2012"]
[Source "ChessBase"]
[SourceDate "2011.11.24"]
[SourceVersion "1"]
[SourceVersionDate "2011.11.24"]
[SourceQuality "1"]

1. d4 Nf6 2. Nf3 e6 3. e3 b6 4. Bd3 Bb7 5. Nbd2 d5 6. 0-0 Nbd7 7. c4 c5 8. Re1 Be7 9. Nf1 0-0 10. Ng3 Rc8 11. b3 Ne4 12. Nd2 Ndf6 13. Ndxe4 Nxe4 14. Nxe4 dxe4 15. Bf1 f5 16. Bb2 Bf6 17. Re2 Rf7 18. d5 exd5 19. Bxf6 Qxf6 20. Rd2 Rd7 21. cxd5 Rcd8 22. Bc4 Rd6 23. Qf1 Kh8 24. Rad1 Qe5 25. g3 Bxd5 26. Bxd5 Rxd5 27. Qa6 Rxd2 28. Rxd2 Qc7 29. Qxa7 Qc8 30. Qb7 g6 31. Rxd8+ Qxd8 32. h4 Qd1+ 33. Kh2 Qd2 34. Qf7 1/2-1/2

[Event "Krasnodar November-B"]
[Site "Krasnodar"]
[Date "2009.11.19"]
[Round "6"]
[White "Airapetian, Valentin"]
[Black "Chigrinova, Marina"]
[Result "0-1"]
[WhiteElo "1934"]
[BlackElo "1858"]
[PlyCount "74"]
[EventDate "2009.11.15"]
[EventType "tourn"]
[EventRounds "15"]
[EventCountry "RUS"]
[SourceTitle "EXT 2012"]
[Source "ChessBase"]
[SourceDate "2011.11.24"]
[SourceVersion "1"]
[SourceVersionDate "2011.11.24"]
[SourceQuality "1"]

1. e4 e6 2. d4 d5 3. Nc3 dxe4 4. Nxe4 Bd7 5. Nf3 Bc6 6. Bd3 Nd7 7. 0-0 Ngf6 8. Ng3 Bxf3 9. Qxf3 c6 10. Bg5 Be7 11. Ne4 Nxe4 12. Bxe7 Qxe7 13. Qxe4 Nf6 14. Qh4 0-0 15. Rfe1 h6 16. c4 Rfd8 17. Rad1 Rd7 18. Bb1 Rad8 19. Re3 Nh7 20. Qxe7 Rxe7 21. Bxh7+ Kxh7 22. Red3 Red7 23. Kf1 c5 24. d5 exd5 25. Rxd5 Rxd5 26. Rxd5 Rxd5 27. cxd5 Kg6 28. Ke2 Kf6 29. Kd3 Ke5 30. Kc4 b6 31. a4 Kd6 32. f4 a6 33. b3 h5 34. g3 f6 35. h3 g5 36. h4 gxh4 37. gxh4 f5 0-1

[Event "Krasnodar November-B"]
[Site "Krasnodar"]
[Date "2009.11.17"]
[Round "4"]
[White "Piven, Vladimir"]
[Black "Chigrinova, Marina"]
[Result "1/2-1/2"]
[WhiteElo "1851"]
[BlackElo "1858"]
[PlyCount "112"]
[EventDate "2009.11.15"]
[EventType "tourn"]
[EventRounds "15"]
[EventCountry "RUS"]
[SourceTitle "EXT 2012"]
[Source "ChessBase"]
[SourceDate "2011.11.24"]
[SourceVersion "1"]
[SourceVersionDate "2011.11.24"]
[SourceQuality "1"]

1. c4 c5 2. g3 Nf6 3. Bg2 d5 4. cxd5 Nxd5 5. Nf3 Nc6 6. 0-0 e6 7. Nc3 Nc7 8. d3 Be7 9. Bf4 0-0 10. Qb3 h6 11. Rfd1 Bd6 12. Bxd6 Qxd6 13. Ne4 Qe7 14. Rac1 b6 15. d4 Nxd4 16. Nxd4 cxd4 17. Rxd4 Nd5 18. Nc3 Nxc3 19. Qxc3 Bb7 20. Qc7 Qxc7 21. Rxc7 Bxg2 22. Kxg2 Rfc8 23. Rdd7 Rxc7 24. Rxc7 Rd8 25. Rxa7 Rd2 26. Ra8+ Kh7 27. b4 Rxe2 28. a4 Rb2 29. b5 Rb4 30. Ra6 Kg6 31. Kf3 Kf6 32. Ke3 Ke5 33. f4+ Kd5 34. Rxb6 Rxa4 35. Rb7 f5 36. Rd7+ Kc5 37. Rxg7 Ra3+ 38. Kf2 Ra2+ 39. Kf3 Rxh2 40. b6 Kxb6 41. Rg6 Kc5 42. Rxe6 Rh5 43. Ke3 Rh3 44. Re5+ Kd6 45. Kf2 Rh5 46. Kg2 Kd7 47. g4 Rh4 48. gxf5 Rxf4 49. Kg3 Rf1 50. Kg4 Rh1 51. Re3 h5+ 52. Kg5 h4 53. Kg4 h3 54. Rxh3 Rxh3 55. Kxh3 Ke7 56. Kg4 Kf6 1/2-1/2

[Event "Krasnodar 11"]
[Site "Krasnodar"]
[Date "2009.09.12"]
[Round "1"]
[White "Chigrinova, Marina"]
[Black "Jakovenko, Igor"]
[Result "0-1"]
[WhiteElo "1858"]
[BlackElo "2199"]
[PlyCount "82"]
[EventDate "2009.09.12"]
[EventType "tourn"]
[EventRounds "9"]
[EventCountry "RUS"]
[SourceTitle "EXT 2012"]
[Source "ChessBase"]
[SourceDate "2011.11.24"]
[SourceVersion "1"]
[SourceVersionDate "2011.11.24"]
[SourceQuality "1"]

1. e4 c5 2. Nc3 Nc6 3. g3 g6 4. d3 Bg7 5. Be3 Nd4 6. Bg2 d6 7. Qd2 Nf6 8. h3 Bd7 9. Nd1 h5 10. c3 Nc6 11. Ne2 Qc8 12. d4 Na5 13. b3 e5 14. dxc5 dxc5 15. c4 Qc7 16. Ndc3 Rd8 17. Nd5 Nxd5 18. cxd5 b6 19. 0-0 0-0 20. Rac1 Bb5 21. Rfd1 Nc6 22. h4 Bxe2 23. Qxe2 Nd4 24. Bxd4 exd4 25. b4 Qe7 26. bxc5 bxc5 27. Qb5 Rc8 28. f4 f6 29. Bh3 Rc7 30. Be6+ Kh8 31. Qc4 g5 32. hxg5 fxg5 33. Qe2 Qe8 34. fxg5 Qg6 35. Kg2 d3 36. Rxd3 Rb7 37. Rd2 Bd4 38. Rh1 Rf2+ 39. Qxf2 Bxf2 40. Rxf2 Qxe4+ 41. Kh3 Qxh1+ 0-1

[Event "Krasnodar Spring Rating"]
[Site "Krasnodar"]
[Date "2009.04.14"]
[Round "13"]
[White "Sluzhilov, Aleksandr"]
[Black "Chigrinova, Marina"]
[Result "1-0"]
[WhiteElo "1901"]
[BlackElo "1856"]
[PlyCount "71"]
[EventDate "2009.04.02"]
[EventType "tourn"]
[EventRounds "12"]
[EventCountry "RUS"]
[SourceTitle "EXT 2022"]
[Source "ChessBase"]
[SourceDate "2021.10.06"]
[SourceVersion "1"]
[SourceVersionDate "2021.10.06"]
[SourceQuality "1"]

1. e4 e6 2. d4 d5 3. Nc3 dxe4 4. Nxe4 Bd7 5. Nf3 Bc6 6. Bd3 Nd7 7. 0-0 Ngf6 8. Ng3 Bxf3 9. Qxf3 c6 10. c4 Be7 11. Re1 0-0 12. Bd2 Re8 13. Bc3 Bf8 14. Re3 g6 15. h4 Bg7 16. h5 Nb6 17. b3 Rc8 18. Rae1 Na8 19. Bc2 Nc7 20. hxg6 hxg6 21. Qf4 Re7 22. Qh4 Rd7 23. Qf4 Nce8 24. Rf3 b6 25. Re5 Nh7 26. Ne4 Bxe5 27. dxe5 Ng7 28. Rh3 Nh5 29. Qg4 Kf8 30. Nf6 N7xf6 31. exf6 Nxf6 32. Rh8+ Ng8 33. Qf4 g5 34. Qe5 f6 35. Qxe6 Rf7 36. Bg6 1-0

[Event "Krasnodar Spring Rating"]
[Site "Krasnodar"]
[Date "2009.04.02"]
[Round "7"]
[White "Chigrinova, Marina"]
[Black "Bondarev, Boris"]
[Result "0-1"]
[WhiteElo "1856"]
[BlackElo "2087"]
[PlyCount "108"]
[EventDate "2009.04.02"]
[EventType "tourn"]
[EventRounds "12"]
[EventCountry "RUS"]
[SourceTitle "EXT 2022"]
[Source "ChessBase"]
[SourceDate "2021.10.06"]
[SourceVersion "1"]
[SourceVersionDate "2021.10.06"]
[SourceQuality "1"]

1. e4 e5 2. Nf3 Nc6 3. Bb5 f5 4. exf5 Nf6 5. Qe2 e4 6. d3 d5 7. Nd4 Qd6 8. Nc3 Be7 9. Bf4 Qxf4 10. Nxc6 a6 11. Nxe7+ Kxe7 12. Ba4 b5 13. Bb3 c6 14. 0-0 Bxf5 15. f3 e3 16. g3 Qh6 17. d4 Rhe8 18. a4 b4 19. Nd1 Kd6 20. Re1 Bc8 21. Nxe3 a5 22. Qf2 Ra7 23. g4 Qh3 24. Qg3+ Qxg3+ 25. hxg3 Rae7 26. Kf2 Rf8 27. Kg2 Rfe8 28. Kf2 g6 29. c3 Rf8 30. Kg2 Rb7 31. Bc2 Nd7 32. c4 b3 33. Bd1 Rb4 34. Be2 Re8 35. Bd3 Rxe3 36. Rxe3 dxc4 37. Be2 Nb6 38. Re8 Ba6 39. Rb8 Kc7 40. Rh8 Nxa4 41. Rxh7+ Kb6 42. Rb1 Nxb2 43. Rxb2 c3 44. Bxa6 Kxa6 45. Rxb3 Rxb3 46. Rh1 Rb2+ 47. Kh3 c2 48. Rc1 Kb5 49. f4 a4 50. f5 Kb4 51. fxg6 Kc3 52. g7 Rb8 53. Ra1 Kd2 54. Ra2 Kd1 0-1

[Event "Krasnodar Spring Rating"]
[Site "Krasnodar"]
[Date "2009.04.02"]
[Round "1"]
[White "Chigrinova, Marina"]
[Black "Savelenko, Arseny"]
[Result "1-0"]
[WhiteElo "1856"]
[BlackElo "2063"]
[PlyCount "55"]
[EventDate "2009.04.02"]
[EventType "tourn"]
[EventRounds "12"]
[EventCountry "RUS"]
[SourceTitle "EXT 2022"]
[Source "ChessBase"]
[SourceDate "2021.10.06"]
[SourceVersion "1"]
[SourceVersionDate "2021.10.06"]
[SourceQuality "1"]

1. e4 e5 2. Nf3 Nc6 3. Bb5 a6 4. Ba4 Nf6 5. Qe2 b5 6. Bb3 Be7 7. d3 0-0 8. Nbd2 d6 9. c3 Na5 10. Bc2 c5 11. h3 Qc7 12. Nf1 Re8 13. g4 Bf8 14. Ng3 Bb7 15. g5 Nd7 16. h4 d5 17. h5 g6 18. Nh2 c4 19. Ng4 b4 20. hxg6 fxg6 21. Bd2 bxc3 22. Bxc3 d4 23. Bd2 c3 24. bxc3 dxc3 25. Be3 Nc6 26. Qf3 Bg7 27. Bb3+ Kh8 28. Rxh7+ 1-0

[Event "Krasnodar Spring Rating"]
[Site "Krasnodar"]
[Date "2009.04.02"]
[Round "12"]
[White "Chigrinova, Marina"]
[Black "Sverkunov, Oleg"]
[Result "0-1"]
[WhiteElo "1856"]
[BlackElo "1895"]
[PlyCount "58"]
[EventDate "2009.04.02"]
[EventType "tourn"]
[EventRounds "12"]
[EventCountry "RUS"]
[SourceTitle "EXT 2022"]
[Source "ChessBase"]
[SourceDate "2021.10.06"]
[SourceVersion "1"]
[SourceVersionDate "2021.10.06"]
[SourceQuality "1"]

1. e4 c5 2. Nc3 Nc6 3. g3 g6 4. d3 Bg7 5. Be3 d6 6. Qd2 h6 7. Bg2 Nf6 8. h3 Qa5 9. Nge2 e5 10. 0-0 Nd4 11. f4 Nh5 12. Kh2 Bd7 13. Rf2 Nxe2 14. Rxe2 0-0-0 15. Rb1 exf4 16. gxf4 Bxc3 17. bxc3 Bc6 18. Ree1 Rhe8 19. Rb2 Re7 20. Reb1 Nf6 21. Qf2 Rde8 22. c4 Nh5 23. e5 Qa6 24. c3 Ng7 25. d4 Nf5 26. dxc5 dxe5 27. Bxc6 Qxc6 28. fxe5 Nxe3 29. Qxe3 Rxe5 0-1

[Event "Krasnodar Winter Rating"]
[Site "Krasnodar"]
[Date "2009.02.08"]
[Round "10"]
[White "Bondarev, Boris"]
[Black "Chigrinova, Marina"]
[Result "0-1"]
[WhiteElo "2092"]
[BlackElo "1858"]
[PlyCount "34"]
[EventDate "2009.02.08"]
[EventType "tourn"]
[EventRounds "13"]
[EventCountry "RUS"]
[SourceTitle "EXT 2022"]
[Source "ChessBase"]
[SourceDate "2021.10.06"]
[SourceVersion "1"]
[SourceVersionDate "2021.10.06"]
[SourceQuality "1"]

1. e4 e6 2. d4 d5 3. e5 c5 4. dxc5 Bxc5 5. Qg4 Ne7 6. Qxg7 Rg8 7. Qxh7 Qb6 8. Nh3 Bd4 9. Nc3 Bxe5 10. Ng5 Rxg5 11. Bb5+ Bd7 12. Bxg5 Bxb5 13. Bxe7 Kxe7 14. Qh4+ Ke8 15. Qb4 Nc6 16. Qg4 Kf8 17. h4 Bc4 0-1

[Event "Krasnodar Winter Rating"]
[Site "Krasnodar"]
[Date "2009.02.08"]
[Round "4"]
[White "Chigrinova, Alla"]
[Black "Chigrinova, Marina"]
[Result "0-1"]
[WhiteElo "1680"]
[BlackElo "1858"]
[PlyCount "56"]
[EventDate "2009.02.08"]
[EventType "tourn"]
[EventRounds "13"]
[EventCountry "RUS"]
[SourceTitle "EXT 2022"]
[Source "ChessBase"]
[SourceDate "2021.10.06"]
[SourceVersion "1"]
[SourceVersionDate "2021.10.06"]
[SourceQuality "1"]

1. Nf3 Nf6 2. g3 g6 3. Bg2 Bg7 4. 0-0 0-0 5. d3 d5 6. Nbd2 c5 7. e4 e6 8. exd5 exd5 9. Re1 Nc6 10. Nf1 Bf5 11. Bf4 Qb6 12. Rb1 Rfe8 13. b3 Rad8 14. Qd2 Ne4 15. dxe4 dxe4 16. Qc1 exf3 17. Rxe8+ Rxe8 18. Bxf3 Nd4 19. Bd1 Re2 20. Ne3 Re1+ 21. Kg2 Be4+ 22. Kh3 Qe6+ 23. g4 h5 24. Qd2 Rg1 25. Rc1 hxg4+ 26. Bxg4 Rxg4 27. Nxg4 Bf3 28. Rg1 Ne2 0-1